000 01291naa a22002897a 4500
001 BR9604114
003 BR-BrBNA
005 20240918181533.0
007 ta
008 230509b bl.||||| |||| 00| 0 por d
040 _aBR-BrBNA
_bpor
_cBiblioteca Nacional de Agricultura
041 _a(Pt)
072 _aL02
_b5212
090 _aL02 BR9604114
100 1 _aTorre, V.O.
111 1 _a2. Seminario de Experiencias de Campo da Extensao Rural
_cCuritiba, PR (Brazil)
_dNov 1983
245 1 _aSal/ureia na alimentacao dos bovinos
260 3 _aCuritiba, PR (Brasil):
_c1984.
500 _aAnais do 2. Seminario de Experiencia de Campo da Extensao Rural: apicultura, bovinocultura de leite, bovinocultura de corte, caprinocultura, forrageiras, ovinocultura, ostricultura, piscicultura, suinocultura Curitiba, PR (Brasil): 1984. p. 50-51 (BR9604114-AM)L02
650 _aBovino
650 _aSal
650 _aUreia
650 _aEngorda
773 0 _tAnais do 2. Seminario de Experiencia de Campo da Extensao Rural: apicultura, bovinocultura de leite, bovinocultura de corte, caprinocultura, forrageiras, ovinocultura, ostricultura, piscicultura, suinocultura
_wL02 BR9604114
_gCuritiba, PR (Brasil), 1984. p. 50-51
909 _a202404
_bLucia
_c55
_dLucia Elande
942 _cAM
_2AGRIS
999 _c325721
_d325721